| 000 | 00480nam a22001817a 4500 | ||
|---|---|---|---|
| 005 | 20230303010159.0 | ||
| 008 | 230303b |||||||| |||| 00| 0 eng d | ||
| 020 | _a978-1-4053-6212-2 | ||
| 082 | _a646.2 Sm642 2011 | ||
| 100 |
_aSmith, Alison _eauthor |
||
| 245 |
_aSew: _bstep-by-step / _cAlison Smith |
||
| 260 |
_aLondon: _bDorling Kindersley, _cc2011 |
||
| 300 |
_a224p.: _bcol. ill. |
||
| 504 | _aIncludes index | ||
| 541 | _e5047 | ||
| 650 | _aSewing | ||
| 650 | _aDressmaking | ||
| 999 |
_c1513 _d1513 |
||